000
00274cam a22001097a 4500
008
180718b1969 xxu||||| |||| 00| 0 eng d
082
_a
Q803x42 Un3
245
_a
Theft act 1968
_c
By HMSO
260
_a
London
_b
HMSO
_c
1969
300
_a
35p.
650
_a
Larceny -- Great Britain
999
_c
412722
_d
412722